<?xml version="1.0" encoding="UTF-8"?>
<record
    xmlns:xsi="http://www.w3.org/2001/XMLSchema-instance"
    xsi:schemaLocation="http://www.loc.gov/MARC21/slim http://www.loc.gov/standards/marcxml/schema/MARC21slim.xsd"
    xmlns="http://www.loc.gov/MARC21/slim">

  <leader>00596nam a22001697a 4500</leader>
  <controlfield tag="005">20141007132716.0</controlfield>
  <controlfield tag="008">141007b        xxu||||| |||| 00| 0 eng d</controlfield>
  <datafield tag="050" ind1=" " ind2=" ">
    <subfield code="a">P 90</subfield>
    <subfield code="b">.V43 2013</subfield>
  </datafield>
  <datafield tag="100" ind1=" " ind2=" ">
    <subfield code="a">Verderber, Kathleen S.,</subfield>
    <subfield code="d">1949-</subfield>
  </datafield>
  <datafield tag="245" ind1=" " ind2=" ">
    <subfield code="a">Communicate! /</subfield>
    <subfield code="c">Rudolph F. Verderber, Kathleen S. Verderber, Deanna D. Sellnow.</subfield>
  </datafield>
  <datafield tag="250" ind1=" " ind2=" ">
    <subfield code="a">13th ed.</subfield>
    <subfield code="b">Philippine edition.</subfield>
  </datafield>
  <datafield tag="260" ind1=" " ind2=" ">
    <subfield code="a">Boston, MA :</subfield>
    <subfield code="b">Wadsworth/Cengage Learning,</subfield>
    <subfield code="c">c2013.</subfield>
  </datafield>
  <datafield tag="300" ind1=" " ind2=" ">
    <subfield code="a">xxi, 442 pages : </subfield>
    <subfield code="b">illustrations  (some colored) ;</subfield>
    <subfield code="c">26 cm.</subfield>
  </datafield>
  <datafield tag="521" ind1=" " ind2=" ">
    <subfield code="a">Mass Communication</subfield>
  </datafield>
  <datafield tag="650" ind1=" " ind2=" ">
    <subfield code="a">Communication.</subfield>
  </datafield>
  <datafield tag="942" ind1=" " ind2=" ">
    <subfield code="2">lcc</subfield>
    <subfield code="c">BK</subfield>
    <subfield code="k">FOR</subfield>
  </datafield>
  <datafield tag="999" ind1=" " ind2=" ">
    <subfield code="c">276027</subfield>
    <subfield code="d">276027</subfield>
  </datafield>
  <datafield tag="952" ind1=" " ind2=" ">
    <subfield code="0">0</subfield>
    <subfield code="1">0</subfield>
    <subfield code="2">lcc</subfield>
    <subfield code="4">0</subfield>
    <subfield code="a">CL</subfield>
    <subfield code="b">CL</subfield>
    <subfield code="c">GC</subfield>
    <subfield code="d">2011-09-30</subfield>
    <subfield code="e">DONATION</subfield>
    <subfield code="g">4875.00</subfield>
    <subfield code="l">1</subfield>
    <subfield code="o">P 90 .V43 2010</subfield>
    <subfield code="p">C13678</subfield>
    <subfield code="r">2018-05-15 00:00:00</subfield>
    <subfield code="s">2014-11-10</subfield>
    <subfield code="t">1</subfield>
    <subfield code="w">2013-10-18</subfield>
    <subfield code="y">BK</subfield>
  </datafield>
  <datafield tag="952" ind1=" " ind2=" ">
    <subfield code="0">0</subfield>
    <subfield code="1">0</subfield>
    <subfield code="2">lcc</subfield>
    <subfield code="4">0</subfield>
    <subfield code="a">CL</subfield>
    <subfield code="b">CL</subfield>
    <subfield code="c">RES</subfield>
    <subfield code="d">2014-10-07</subfield>
    <subfield code="e">Library Fund</subfield>
    <subfield code="l">1</subfield>
    <subfield code="m">10</subfield>
    <subfield code="o">P 90 .V43 2013</subfield>
    <subfield code="p">C18754</subfield>
    <subfield code="r">2018-05-15 00:00:00</subfield>
    <subfield code="s">2016-03-07</subfield>
    <subfield code="w">2014-10-07</subfield>
    <subfield code="y">BK</subfield>
  </datafield>
</record>
